Sports Quiz

Random Sports or NFL Quiz
Score 0/20 Timer 05:00
0 Plays Today
% Correct
Oregon
100%
Ohio State
82.4%
Iowa
75%
LSU
75%
Michigan
72.1%
California
69.1%
Alabama
69.1%
Purdue
67.6%
Minnesota
61.8%
Nebraska
52.9%
% Correct
Hawaii
33.8%
Missouri Western
32.4%
Virginia
27.9%
North Dakota St
26.5%
North Carolina
22.1%
Boise St
17.6%
MTSU
16.2%
Toldeo
8.8%
Pittsburgh
8.8%
Weber St
8.8%
Remove Ads.
Support Sporcle.
Get the best of Sporcle when you Go Orange. This ad-free experience offers more features, more stats, and more fun while also helping to support Sporcle. Thank you for becoming a member.

You're not logged in!

Compare scores with friends on all Sporcle quizzes.
OR
Log In

Show Comments

Extras

Created Dec 19, 2018ReportNominate
Tags:Clickable Quiz, NFL Quiz, Mater

Top Quizzes Today


Score Distribution

Your Account Isn't Verified!

In order to create a playlist on Sporcle, you need to verify the email address you used during registration. Go to your Sporcle Settings to finish the process.

Report this User

Report this user for behavior that violates our Community Guidelines.

Details: